Taiwan Railway Taichung Line (Mountain Line) - Statistics

General Stats
  • This quiz has been taken 16 times
  • The average score is 19 of 23
Answer Stats
Hint Answer % Correct
3360 彰化 Changhua
100%
3160 苗栗 Miaoli
100%
3300 臺中 Taichung
100%
3330 烏日 Wuri
100%
3230 豐原 Fengyuan
92%
3310 五權 Wuquan
92%
3340 新烏日 Xinwuri
92%
1250 竹南 Zhunan
92%
3350 成功 Chenggong
83%
3320 大慶 Daqing
83%
3220 后里 Houli
83%
3270 松竹 Songzhu
83%
3250 潭子 Tanzi
83%
3260 頭家厝 Toujiacuo
83%
3190 三義 Sanyi
75%
3280 太原 Taiyuan
75%
3290 精武 Jingwu
67%
3240 栗林 Lilin
67%
3210 泰安 Tai'an
67%
3180 銅鑼 Tongluo
67%
3140 造橋 Zaoqiao
67%
3150 豐富 Fengfu
58%
3170 南勢 Nanshi
58%
No matching quizzes found
Score Distribution
Percent of People with Each Score
Percentile by Number Answered
Your Score History
You have not taken this quiz